Datum a čas kvízu
34.5
Celkem bodů
Celkový počet nahraných bodů na tomto kvízu bez doplňovacích otázek.
7.
Pořadí na kvízu
Konečné umístění týmu na tomto kvízu.
Zaznamenané odpovědi
| # | Otázka | Odpověď | Body | Výsledky |
|---|---|---|---|---|
| 1. | Aktuální popularity čínské zub... | Jana Maláčová | 0 | |
| 2. | Britský magazín Time Out každo... | Bangkok | 1 | |
| 3. | „Vaše učitelka angličtiny a vá... | Taylor Swift; Travis Kelce | 0 | |
| 4. | Ve čtvrtek sjel z výrobní link... | Švédsko | 1 | |
| 5. | Ve středu byl ve čtyřech evrop... | v basketbalu | 1 | |
| 6. | Jak se nazývá věda, která se z... | adiktologie | 0 | |
| 7. | Na čem je závislý člověk, kter... | na internetu a digitálních technologiích | 1 | |
| 8. | Na fotografii vidíte asi nejzn... | Katka, Helena Třeštíková | 1 | |
| 9. | Při léčbě některých závislostí... | C | 0 | |
| 10. | Téma zakončíme u knih. Všechny... | 1C 2D 3A 4B | 1 |